000 00550nam a2200229Ia 4500
003 OSt
005 20220918204256.0
006 a|||||r|||| 00| 0
007 ta
008 220917b |||||||| |||| 00| 0 eng d
024 _a111,854
037 _cTextual
040 _aARTS
_cARTS
_beng
041 _2eng
_aeng
082 _aV53:1:N5, J9
100 _aLeites N
_9111357
245 0 _aGame of politics in France
260 _c1959
650 _aHISTORY
942 _hV53:1:N5, J9
_cTEXL
_2CC
999 _c235203
_d235203